000 00584nam a22001817a 4500
999 _c124558
_d124558
005 20211103114406.0
008 211102b ||||| |||| 00| 0 eng d
020 _a97830303461966
040 _cPK-LaUMT
082 _a610.2856782
_bFOG-
245 _aFog computing for healthcare 4.0 environments :
_btechnical, societal, and future implications /
_cedited by Sudeep Tanwar
260 _aCham, Switzerland :
_bSpringer,
_c2020
300 _a622 p.
650 _aHealth services administration
650 _aMedical information
650 _aArtificial intelligence
942 _cBK